[Event "ch-Paris Open"]
[Site "Paris FRA"]
[Date "2005.07.12"]
[Round "4"]
[White "Perez,Rod"]
[Black "Draoui,N"]
[Result "1-0"]
[WhiteElo "2442"]
[BlackElo "2374"]

1.e4 c5 2.Nf3 d6 3.d4 cxd4 4.Nxd4 Nf6 5.Nc3 a6 6.Be3 e5 7.Nb3 Be6 8.f3 Nbd7
9.g4 Rc8 10.Qd2 h6 11.O-O-O Qc7 12.Qf2 b5 13.h4 Qb7 14.Bh3 b4 15.Ne2 a5 16.g5 Nh5
17.Bxe6 fxe6 18.Kb1 a4 19.Nd2 d5 20.exd5 exd5 21.gxh6 gxh6 22.Qg2 Qc6 23.Rc1 Qe6
24.f4 e4 25.Nd4 Qf7 26.Nxe4 dxe4 27.Qxe4+ Be7 28.Nf5 Kf8 29.Bd4 Nhf6 30.Qb7 Rd8
31.Rhe1 Bc5 32.Bxc5+ Nxc5 33.Qxb4 Nd7 34.Re5 Rb8 35.Qc3 a3 36.Rxc5 Rxb2+
37.Qxb2 axb2 38.Rc8+ Qe8 39.Rxe8+ Kxe8 40.Re1+ Kf7 41.Kxb2 Kf6 42.Nd4 Rb8+
43.Kc1 Nc5 44.Re5 Rc8 45.Rf5+ Ke7 46.Re5+ Kf7 47.Kd2  1-0

[Event "57th ch-Montenegro"]
[Site "Cetinje SCG"]
[Date "2005.07.13"]
[Round "6"]
[White "Kalezic,B"]
[Black "Ivanovic,B"]
[Result "1-0"]
[WhiteElo "2448"]
[BlackElo "2438"]

1.e4 c5 2.Nf3 d6 3.d4 cxd4 4.Nxd4 Nf6 5.Nc3 a6 6.Be3 e5 7.Nb3 Be6 8.Qd2 Be7
9.f3 O-O 10.O-O-O Nbd7 11.g4 Qc7 12.g5 Nh5 13.Rg1 b5 14.Kb1 g6 15.h4 Nb6
16.Nd5 Bxd5 17.exd5 Rab8 18.Qe1 Nc4 19.Bc1 Kh8 20.Bh3 f5 21.gxf6 Bxf6 22.Bg4 Bg7
23.Bxh5 gxh5 24.Qe4 Qf7 25.f4 Rbe8 26.fxe5 Rxe5 27.Qd3 Qf6 28.a4 Ne3 29.Rxg7 Qxg7
30.Bxe3 Rf3 31.Bh6 Qf6 32.Qd2 Rf2 33.Qd4 bxa4 34.Nc1 Rff5 35.Bg5 Qg7 36.Qxa4 Kg8
37.Rg1 Kh8 38.Be3 Qe7 39.Bd4 h6 40.Nd3 Qf8 41.Bxe5+ dxe5 42.Qe4  1-0

[Event "DMP 1st League"]
[Site "Koszalin POL"]
[Date "2005.07.13"]
[Round "11"]
[White "Szczepinski,M"]
[Black "Gumula,D"]
[Result "1-0"]
[WhiteElo "2259"]
[BlackElo "2287"]

1.e4 c5 2.Nf3 d6 3.d4 cxd4 4.Nxd4 Nf6 5.Nc3 a6 6.Be3 Ng4 7.Bg5 h6 8.Bh4 g5
9.Bg3 Bg7 10.h3 Ne5 11.Be2 Nbc6 12.Nxc6 bxc6 13.O-O Be6 14.Qd2 Ng6 15.Na4 O-O
16.Rad1 Kh8 17.Rfe1 Rg8 18.b3 Qf8 19.Bg4 Be5 20.Bxe6 fxe6 21.Nb6 Rd8 22.Bxe5+ Nxe5
23.Qc3 g4 24.Nc4 gxh3 25.Nxe5 Rxg2+ 26.Kh1 dxe5 27.Rxd8 Qxd8 28.Qxh3 Rg6
29.Rg1 Qe8 30.Rg3 Rxg3 31.Qxg3 Qh5+ 32.Kg2 Kh7 33.f3 Qe8 34.Qxe5 Qd7 35.Qf4 Kg6
36.e5 Qd5 37.c4 Qc5 38.Qe4+ Kg7 39.Qg4+ Kf7 40.Qf4+ Ke8 41.Qxh6 Qxe5 42.Qd2 Qg7+
43.Kf2 Qh7 44.Ke2 e5 45.Ke3 Qh4 46.Kd3 Qd4+ 47.Kc2 c5 48.a3 Kd7 49.Qa5 Qf2+
50.Qd2+ Qd4 51.b4 Kc6 52.Qxd4 cxd4 53.Kd3 Kb6 54.Ke4 e6 55.a4 a5 56.bxa5+ Kxa5
57.c5 Ka6 58.Kd3 Ka5 59.Kc4 Ka6 60.Kb4 Ka7 61.a5  1-0

[Event "57th ch-Montenegro"]
[Site "Cetinje SCG"]
[Date "2005.07.16"]
[Round "9"]
[White "Vujacic,I"]
[Black "Djukanovic,S"]
[Result "0-1"]
[WhiteElo "2146"]
[BlackElo "2314"]

1.e4 c5 2.Nf3 d6 3.d4 cxd4 4.Nxd4 Nf6 5.Nc3 a6 6.Be3 e5 7.Nb3 Be7 8.f3 Be6
9.Qd2 O-O 10.O-O-O Nbd7 11.g4 Qc7 12.Kb1 Rfc8 13.g5 Nh5 14.Rg1 Nb6 15.Nd5 Bxd5
16.exd5 g6 17.Rc1 Bf8 18.c4 Nd7 19.Bh3 Re8 20.Bg4 Nf4 21.Bxf4 exf4 22.Qxf4 Ne5
23.Rgd1 b6 24.h4 Bg7 25.Nd4 Qc5 26.a3 Nxc4 27.Nb3 Nxa3+ 28.bxa3 Qxa3 29.Nd4 Re2
30.Rc2 Rxc2 31.Kxc2 Qa4+ 32.Kc1 Re8 33.h5 Qc4+ 34.Kb1 Re2 35.Rd2 Rxd2 36.Qxd2 Bxd4
37.Qc2 Qxc2+ 38.Kxc2 Be3 39.Bc8 a5 40.Kd3 Bxg5 41.Bd7 Kg7 42.Ke4 f5+ 43.Kd3 Kf6
44.Kd4 gxh5  0-1

[Event "inAUTOmarket Open"]
[Site "Minsk BLR"]
[Date "2005.07.17"]
[Round "8"]
[White "Azarov,S"]
[Black "Grachev,B"]
[Result "1-0"]
[WhiteElo "2582"]
[BlackElo "2503"]

1.e4 c5 2.Nf3 d6 3.d4 cxd4 4.Nxd4 Nf6 5.Nc3 a6 6.Be3 e5 7.Nb3 Be7 8.f3 Be6
9.Qd2 O-O 10.O-O-O a5 11.Na4 Nbd7 12.Bb5 Ne8 13.Bxd7 Bxd7 14.Nb6 a4 15.Nc5 Bc6
16.Nxa8 Qxa8 17.Nd3 a3 18.b3 Nc7 19.Nb4 Nb5 20.c4 Nd4 21.Bxd4 exd4 22.Kb1 Bf6
23.g4 g6 24.h4 Qe8 25.h5 Qe7 26.Rde1 Bh8 27.Nd5 Bxd5 28.exd5 Qf6 29.Qd3 Qg5
30.hxg6 fxg6 31.c5 Qxd5 32.cxd6 b5 33.Re7 Rxf3 34.Qe4 Rxb3+ 35.axb3 Qxb3+
36.Kc1 Qb2+ 37.Kd1 Qb3+ 38.Ke2 Qb2+ 39.Kf3 Qb3+ 40.Kf4 g5+ 41.Kf5 Bg7 42.d7  1-0

[Event "Open A"]
[Site "Chojnice POL"]
[Date "2005.07.18"]
[Round "4"]
[White "Szybowicz,P"]
[Black "Gasik,Ad"]
[Result "1/2-1/2"]
[WhiteElo "1993"]
[BlackElo "2148"]

1.e4 c5 2.Nf3 d6 3.d4 cxd4 4.Nxd4 Nf6 5.Nc3 a6 6.Be3 e5 7.Nb3 Be7 8.f3 Be6
9.Qd2 Nbd7 10.O-O-O O-O 11.g4 Nb6 12.Qf2 Nfd7 13.h4 Nc4 14.Bxc4 Bxc4 15.Nd5 Bxd5
16.Rxd5 b5 17.Qd2 Nb6 18.Bxb6 Qxb6 19.Kb1 a5 20.Nc1 b4 21.Nd3 Rfb8 22.Ne1 a4
23.Rd3 Ra6 24.Qe3 Qc6 25.Ng2 Bd8 26.Rhd1 Bb6 27.Qc1 Bd4 28.Ne3 a3 29.b3 Bxe3
30.Qxe3 Qc7 31.c4 Rc6 32.Qd2 Rbb6 33.f4 Qe7 34.g5 exf4 35.Qxf4 g6 36.Rd5 Rc5
37.Kc2 Rbc6 38.Rxd6 Rxd6 39.Rxd6 Re5 40.Qf6  1/2-1/2

[Event "Politiken Cup"]
[Site "Copenhagen DEN"]
[Date "2005.07.18"]
[Round "4"]
[White "Pedersen,Ch"]
[Black "Vasquez,R"]
[Result "0-1"]
[WhiteElo "2364"]
[BlackElo "2558"]

1.e4 c5 2.Nf3 d6 3.d4 cxd4 4.Nxd4 Nf6 5.Nc3 a6 6.Be3 e6 7.f3 b5 8.Qd2 Bb7
9.O-O-O Nbd7 10.g4 Nb6 11.Bd3 Rc8 12.h4 Nfd7 13.Kb1 Ne5 14.Bg5 Be7 15.Bxe7 Qxe7
16.g5 b4 17.Nce2 d5 18.exd5 Nxd5 19.f4 Nxd3 20.Qxd3 O-O 21.Rhf1 Rfd8 22.f5 e5
23.f6 Qc7 24.fxg7 exd4 25.Nxd4 Nf4 26.Qf5 Ng2 27.Qf2 Be4 28.Rd2 Nxh4 29.Qe1 Rxd4
30.Rxd4 Qxc2+ 31.Ka1 Nf3  0-1

[Event "Open"]
[Site "Ghent BEL"]
[Date "2005.07.19"]
[Round "7"]
[White "Van Haastert,E"]
[Black "Van Mechelen,J"]
[Result "1-0"]
[WhiteElo "2398"]
[BlackElo "2224"]

1.e4 c5 2.Nf3 d6 3.d4 cxd4 4.Nxd4 Nf6 5.Nc3 a6 6.Be3 e5 7.Nb3 Be7 8.f3 Be6
9.Qd2 O-O 10.O-O-O a5 11.Bb5 Nc6 12.Kb1 Qb8 13.a3 Na7 14.Be2 b5 15.Nxa5 b4
16.axb4 Qxb4 17.Nd5 Nxd5 18.exd5 Qa4 19.b3 Rfb8 20.Kb2 Bf6 21.Ra1 e4+ 22.c3 Qb4
23.dxe6 Nb5 24.exf7+ Kxf7 25.Bc4+ Kg6 26.Bxb5 Qxb5 27.Qc2 Rxa5 28.Rxa5 Qxa5
29.Ra1 Qb4 30.Qxe4+ Qxe4 31.fxe4 Re8 32.Re1 Rxe4 33.Bd2 Kf5 34.Rxe4 Kxe4
35.Kc2 g5 36.b4 g4 37.b5 d5 38.b6 h5 39.g3 Be5 40.b7  1-0

[Event "Mercosur Cup"]
[Site "Vicente Lopez ARG"]
[Date "2005.07.19"]
[Round "6"]
[White "Valerga,D"]
[Black "Lafuente,P"]
[Result "1/2-1/2"]
[WhiteElo "2499"]
[BlackElo "2435"]

1.e4 c5 2.Nf3 d6 3.d4 cxd4 4.Nxd4 Nf6 5.Nc3 a6 6.Be3 e5 7.Nf3 Be7 8.Bc4 O-O
9.O-O Be6 10.Bb3 h6 11.Qe2 Nc6 12.Rfd1 Qd7 13.Na4 Qc7 14.Bb6 Qc8 15.Rd2 Qe8
16.Nc3 Rc8 17.Rad1 Nb8 18.h3 Rxc3 19.bxc3 Qc6 20.Ba5 Nxe4 21.Rd3 Nd7 22.Bb4 Ndc5
23.Re3 Nf6 24.Bxc5 Qxc5 25.Nd2 Nd5 26.Ne4 Qc6 27.Rf3 Rd8 28.Qd2 Nf4 29.Bxe6 fxe6
30.Qe1 Rf8 31.c4 Rf5 32.Nd2 Rg5 33.g4 Rg6 34.Qe4 Qxe4 35.Nxe4 d5 36.cxd5 exd5
37.Rxf4 exf4 38.Rxd5 Rc6 39.Rd7 Bh4 40.c3 Re6 41.f3 Rb6 42.a4 Rb1+ 43.Kg2 Ra1  1/2-1/2

[Event "Politiken Cup"]
[Site "Copenhagen DEN"]
[Date "2005.07.20"]
[Round "6"]
[White "Shomoev,A"]
[Black "Vasquez,R"]
[Result "1-0"]
[WhiteElo "2514"]
[BlackElo "2558"]

1.e4 c5 2.Nc3 d6 3.Nf3 a6 4.d4 cxd4 5.Nxd4 Nf6 6.Be3 e6 7.f3 b5 8.Qd2 Nbd7
9.g4 Nb6 10.a4 Nc4 11.Bxc4 bxc4 12.a5 Bb7 13.Na4 Nd7 14.O-O-O Rc8 15.Qc3 Be7
16.Ne2 O-O 17.Bd4 f6 18.Rd2 Qe8 19.Rhd1 Qf7 20.Ng3 d5 21.Nb6 Nxb6 22.Bxb6 Bd6
23.exd5 Bxd5 24.Ne2 Qe8 25.Qe3 f5 26.g5 f4 27.Qf2 Rf5 28.h4 Qa4 29.c3 Rf7
30.Kb1 Be7 31.Rg1 Bd8 32.h5 Rf5 33.Nd4 Rf8 34.h6 Bxb6 35.axb6 Qe8 36.g6 hxg6
37.hxg7 Kxg7 38.Qh4 e5 39.Re2 Qd8 40.Qh5 Qf6 41.Reg2  1-0

[Event "Politiken Cup"]
[Site "Copenhagen DEN"]
[Date "2005.07.21"]
[Round "7"]
[White "Hansen,ReR"]
[Black "Brondum,E"]
[Result "0-1"]
[WhiteElo "2084"]
[BlackElo "2200"]

1.e4 c5 2.Nf3 d6 3.d4 cxd4 4.Nxd4 Nf6 5.Nc3 a6 6.Be3 e5 7.Nb3 Be6 8.f3 Nbd7
9.Qd2 b5 10.g4 Nb6 11.g5 Nfd7 12.O-O-O Rc8 13.Kb1 Be7 14.a3 Nc4 15.Bxc4 Rxc4
16.Rhg1 Qc7 17.Rg2 O-O 18.Nd5 Bxd5 19.Qxd5 Rc8 20.c3 a5 21.Nd2 Rc6 22.g6 hxg6
23.Rxg6 Nf6 24.Qb3 Rxc3 25.bxc3 Qxc3 26.Qxc3 Rxc3 27.Rg2 Rxe3 28.Kb2 d5 29.Ra1 dxe4
30.fxe4 Nxe4 31.Nxe4 Rxe4 32.Rc2 g6 33.Rd1 Re3 34.a4 bxa4 35.Rd7 Bh4 36.Rc8+ Kg7
37.Rcc7 Rf3 38.Rd5 e4 39.Kc2 Rh3 40.Rxa5 Bd8  0-1

[Event "Politiken Cup"]
[Site "Copenhagen DEN"]
[Date "2005.07.21"]
[Round "7"]
[White "Kurnosov,I"]
[Black "Shomoev,A"]
[Result "1/2-1/2"]
[WhiteElo "2549"]
[BlackElo "2514"]

1.e4 c5 2.Nf3 d6 3.d4 cxd4 4.Nxd4 Nf6 5.Nc3 a6 6.Be3 Ng4 7.Bg5 h6 8.Bc1 Nc6
9.Be2 Nf6 10.Be3 e5 11.Nb3 Be7 12.O-O O-O 13.Bf3 a5 14.Nd2 Be6 15.Nd5 Bxd5
16.exd5 Nb4 17.c4 Nd7 18.c5 Nxc5 19.Bxc5 dxc5 20.Nc4 Bd6 21.a3 Na6 22.Re1 b5
23.Nxd6 Qxd6 24.Qe2 Nc7 25.Qxe5 Qxe5 26.Rxe5 Rfe8 27.Rxe8+ Nxe8 28.d6 Rd8
29.d7 Rxd7 30.Bc6 Rd8 31.Bxb5 Nd6 32.Bf1 Kf8 33.f3 Ke7 34.Rc1 Rc8 35.Kf2 Ke6
36.Ba6  1/2-1/2

[Event "Politiken Cup"]
[Site "Copenhagen DEN"]
[Date "2005.07.22"]
[Round "8"]
[White "Pedersen,Ch"]
[Black "Lonborg,M"]
[Result "0-1"]
[WhiteElo "2364"]
[BlackElo "2188"]

1.e4 c5 2.Nf3 d6 3.d4 cxd4 4.Nxd4 Nf6 5.Nc3 a6 6.Be3 e6 7.f3 b5 8.g4 h6 9.Qd2 Bb7
10.O-O-O Nbd7 11.h4 b4 12.Na4 d5 13.Bh3 dxe4 14.g5 exf3 15.g6 Bd5 16.Qe1 Qa5
17.gxf7+ Kxf7 18.b3 Re8 19.Rf1 Nc5 20.Nxc5 Bxc5 21.a4 Qb6 22.Bg1 Rc8 23.a5 Qd6
24.Nxf3 Rhe8 25.Bh2 Qd8 26.Ne5+ Kg8 27.Qg3 Qxa5 28.Rfe1 Ne4 29.Rxe4 Bxe4
30.Rd7 Qa1+ 31.Kd2 Qc3+ 32.Qxc3 bxc3+ 33.Kc1 Be3+ 34.Kb1 Bd5 35.Ng6 Kh7 36.h5 Red8
37.Rf7 Bxb3 38.Bg4 Bxc2+ 39.Kxc2 Rd2+ 40.Kb3 Rb2+ 41.Ka3 Rxh2 42.Bxe6 c2
43.Rc7 c1=Q+ 44.Rxc1 Bxc1+  0-1

[Event "Open A"]
[Site "Pardubice CZE"]
[Date "2005.07.23"]
[Round "2"]
[White "Klimakovs,S"]
[Black "Iskusnyh,S"]
[Result "0-1"]
[WhiteElo "2287"]
[BlackElo "2472"]

1.e4 c5 2.Nf3 d6 3.d4 cxd4 4.Nxd4 Nf6 5.Nc3 a6 6.Be3 e5 7.Nb3 Be7 8.f3 Be6
9.Qd2 O-O 10.O-O-O a5 11.Bb5 Na6 12.Qf2 Qb8 13.g4 Nc7 14.g5 Nh5 15.a4 Rc8
16.Kb1 Nxb5 17.Nxb5 Rc4 18.Ba7 Qf8 19.Nc3 Nf4 20.h4 Qe8 21.Be3 Nh5 22.Rd2 Rxc3
23.bxc3 b5 24.Rd3 Rb8 25.Nd2 Bc4 26.Rd5 Bxd5 27.exd5 Qc8 28.Ne4 bxa4+ 29.Kc1 a3
30.Kd2 Qc4 31.Qe2 Qxd5+ 32.Qd3 Qxd3+ 33.Kxd3 d5 34.Nc5 Rc8 35.Nd7 e4+ 36.Kd2 exf3
37.Nb6 Rd8 38.Kd3 Ng3  0-1

[Event "Open A"]
[Site "Pardubice CZE"]
[Date "2005.07.23"]
[Round "2"]
[White "Satyapragyan,S"]
[Black "Kovalev,An"]
[Result "1/2-1/2"]
[WhiteElo "2397"]
[BlackElo "2548"]

1.e4 c5 2.Nf3 d6 3.d4 Nf6 4.Nc3 cxd4 5.Nxd4 a6 6.Be3 e5 7.Nf3 Qc7 8.a4 Be7
9.a5 Nbd7 10.Nd2 b5 11.axb6 Nxb6 12.Bxb6 Qxb6 13.Bb5+ Kf8 14.O-O g6 15.Nc4 Qc5
16.Ne3 Bb7 17.Bc4 Nxe4 18.Nxe4 Bxe4 19.Bd5 Bxd5 20.Nxd5 Ra7  1/2-1/2

[Event "Politiken Cup"]
[Site "Copenhagen DEN"]
[Date "2005.07.24"]
[Round "10"]
[White "Pedersen,Ch"]
[Black "Schmied,A"]
[Result "1-0"]
[WhiteElo "2364"]
[BlackElo "2085"]

1.e4 c5 2.Nf3 d6 3.d4 cxd4 4.Nxd4 Nf6 5.Nc3 a6 6.Be3 e6 7.f3 b5 8.g4 h6 9.Qd2 b4
10.Nce2 d5 11.exd5 Nxd5 12.Bf2 Bb7 13.Bg2 Nd7 14.O-O Qg5 15.Rfd1 Be7 16.h4 Qxd2
17.Rxd2 Ne5 18.b3 O-O-O 19.Bg3 Ng6 20.h5 Bg5 21.Rdd1 Ngf4 22.Nxf4 Nxf4 23.Bxf4 Bxf4
24.Kf2 Be5 25.Ke3 Rd7 26.Rd3 Bxd4+ 27.Rxd4 Rxd4 28.Kxd4 Rd8+ 29.Ke3 Kc7 30.a3 bxa3
31.Bf1 Kb6 32.Bd3 Rd5 33.b4 a5 34.b5 e5 35.Rxa3 Rd4 36.c4 Rf4 37.Be2 f5 38.gxf5 Rxf5
39.Rd3 Rf7 40.Kd2 Kc5 41.Kc3 Rf5 42.Kb3 Rf4 43.Re3 Kd4 44.Rd3+ Kc5 45.Re3 Kd4
46.Rc3 Kc5 47.Ka4 Kd4 48.Rb3 e4 49.fxe4 Bxe4 50.Kxa5 Rf2 51.Bg4 Kxc4 52.Rb4+ Kd5
53.Bd7 Ra2+ 54.Kb6 Bd3 55.Rg4 Ke5 56.Rxg7 Kf6 57.Rg4 Bc4 58.Rg6+ Ke7 59.Bc6  1-0

[Event "Open A"]
[Site "Pardubice CZE"]
[Date "2005.07.24"]
[Round "3"]
[White "Kutuzovic,B"]
[Black "Priborsky,I"]
[Result "1/2-1/2"]
[WhiteElo "2348"]
[BlackElo "2240"]

1.e4 c5 2.Nf3 d6 3.d4 cxd4 4.Nxd4 Nf6 5.Nc3 a6 6.Be3 e5 7.Nb3 Be6 8.Qd2 Nbd7
9.f3 h5 10.O-O-O Qc7 11.Kb1 Rc8 12.h3 Be7 13.Bd3 h4 14.Rhe1 Nh5 15.Rc1 Nb6
16.Red1  1/2-1/2

[Event "MTO Open"]
[Site "Biel SUI"]
[Date "2005.07.25"]
[Round "7"]
[White "Kritz,L"]
[Black "Cvitan,O"]
[Result "1-0"]
[WhiteElo "2544"]
[BlackElo "2491"]

1.e4 c5 2.Nf3 d6 3.d4 cxd4 4.Nxd4 Nf6 5.Nc3 a6 6.Be3 e6 7.f3 Nc6 8.Qd2 Be7
9.O-O-O O-O 10.g4 Nxd4 11.Qxd4 b5 12.g5 Nd7 13.h4 Rb8 14.Kb1 b4 15.Ne2 Nc5
16.Qd2 e5 17.Bh3 Be6 18.h5 Qc8 19.Bxe6 Qxe6 20.Ng3 Na4 21.Ka1 Rfc8 22.g6 fxg6
23.hxg6 hxg6 24.Qh2 Rb5 25.Qh7+ Kf7 26.Nf5 gxf5 27.exf5 Qf6 28.Rh6 e4 29.Rxf6+ Bxf6
30.Kb1 exf3 31.Rxd6 Re5 32.Rxf6+ Kxf6 33.Qg6+ Ke7 34.Qxg7+ Kd6 35.Bf4 Re8
36.Qg3 Nc5 37.Qxf3 Kd7 38.Bxe5 Rxe5 39.a3 a5 40.axb4 axb4 41.f6  1-0

[Event "Open A"]
[Site "Pardubice CZE"]
[Date "2005.07.25"]
[Round "4"]
[White "Roy Chowdhury,S"]
[Black "Makarov,M"]
[Result "1/2-1/2"]
[WhiteElo "2381"]
[BlackElo "2514"]

1.e4 c5 2.Nf3 d6 3.d4 Nf6 4.Nc3 cxd4 5.Nxd4 a6 6.Be3 e5 7.Nf3 Be7 8.Bc4 O-O
9.O-O Qc7 10.Bb3 Be6 11.Qe2 Re8 12.Bg5 Nbd7 13.Rfd1 Rac8 14.Ne1 h6 15.Bxf6 Bxf6
16.Nd5  1/2-1/2

[Event "Open A"]
[Site "Pardubice CZE"]
[Date "2005.07.25"]
[Round "4"]
[White "Zhigalko,A"]
[Black "Lagowski,P"]
[Result "1-0"]
[WhiteElo "2526"]
[BlackElo "2395"]

1.e4 c5 2.Nf3 d6 3.d4 cxd4 4.Nxd4 Nf6 5.Nc3 a6 6.Be3 e5 7.Nb3 Be7 8.f3 Be6
9.Qd2 O-O 10.O-O-O Nbd7 11.g4 b5 12.g5 b4 13.Ne2 Ne8 14.Ng3 a5 15.Kb1 a4
16.Nc1 Ra5 17.Nf5 Bxf5 18.exf5 d5 19.f6 Bd6 20.Qg2 d4 21.Bd2 Ra7 22.Qh3 e4
23.fxe4 Ne5 24.Bf4 Ng6 25.Bxd6 Qxd6 26.Qg3 Qc5 27.Qd3 Rc7 28.Qd2 Ne5 29.Nd3 Nxd3
30.Bxd3 a3 31.b3 Nd6 32.e5 Qxe5 33.Qxb4 Ra8 34.Rhe1 Qd5 35.c4 Qc6 36.Re7 Rac8
37.Qe1 Qg2 38.Qd2 Qg4 39.Be2 Qf5+ 40.Bd3 Qg4 41.Rf1 Rc5 42.Qf4 Qh3 43.Qxd4 Qxh2
44.Re2 Qg3 45.Rg1  1-0

[Event "Open A"]
[Site "Pardubice CZE"]
[Date "2005.07.26"]
[Round "5"]
[White "Smirnov,I UKR"]
[Black "Zhigalko,A"]
[Result "1/2-1/2"]
[WhiteElo "2451"]
[BlackElo "2526"]

1.e4 c5 2.Nf3 d6 3.d4 cxd4 4.Nxd4 Nf6 5.Nc3 a6 6.Be3 e5 7.Nf3 Be7 8.Bc4 O-O
9.O-O Nc6 10.Bg5 Be6 11.Bb3 Na5 12.Bxf6 Bxf6 13.Bd5 Rc8 14.Qd3 Nc4 15.Rab1 Qa5
16.Bxb7 Nxb2 17.Rxb2 Rxc3 18.Qxa6 Qc7 19.Bd5 Bxd5 20.exd5 Rxc2 21.Rxc2 Qxc2
22.Qxd6 Rd8 23.Qb6 Rxd5 24.Qb1 Qxb1 25.Rxb1 g6 26.Re1 Bg7 27.g4 f5 28.gxf5 gxf5
29.Re2 Kf7 30.Nd2 Rc5 31.Nf1 Kg6 32.Kg2 Ra5 33.Rc2 Bf6 34.f3 Kg5 35.Ng3 Ra3
36.Ne2 Bd8 37.Ng3 Bb6 38.Ne2 h5 39.Rb2 Ba7 40.Rc2 h4 41.h3 Kf6 42.Nc3 Ra5
43.Ne2 Ke6 44.Rd2 Ra3 45.Rc2 Ra6 46.Rd2 Be3 47.Rc2 Kd5 48.Rc3 Bd4 49.Rc2 Ba7
50.Kf1 Ra3 51.Nc3+ Ke6 52.Kg2 Be3 53.Ne2 Ra6 54.Rc3 Bd4 55.Rc2 Kd5 56.f4 Ke4
57.fxe5 Be3 58.Rb2 Rg6+ 59.Kf1 f4 60.Rb3 f3 61.Rb4+ Kd3 62.Nf4+ Bxf4 63.Rxf4 Ke3
64.Rb4 Rc6 65.Rb1 Kf4 66.Rb4+ Kg3 67.Rg4+ Kxh3 68.Rg7 Rc2 69.e6 Rxa2 70.e7 Re2
71.Rf7 Kg3 72.Rg7+ Kh2 73.Rf7 h3 74.Rg7 Kh1 75.Rg1+ Kh2 76.Rg7 Kh1  1/2-1/2

[Event "Open A"]
[Site "Pardubice CZE"]
[Date "2005.07.27"]
[Round "6"]
[White "Henrichs,T"]
[Black "Sundararajan,K"]
[Result "1-0"]
[WhiteElo "2413"]
[BlackElo "2484"]

1.e4 c5 2.Nf3 d6 3.d4 cxd4 4.Nxd4 Nf6 5.Nc3 a6 6.Be3 e6 7.f3 b5 8.g4 h6 9.Qd2 Nbd7
10.O-O-O Bb7 11.h4 b4 12.Na4 d5 13.Bh3 dxe4 14.g5 hxg5 15.hxg5 exf3 16.Nxe6 fxe6
17.Bf5 exf5 18.Rxh8 Nd5 19.Nc5 Bc6 20.Re1 Nxe3 21.Qxe3+  1-0

[Event "Open A"]
[Site "Pardubice CZE"]
[Date "2005.07.27"]
[Round "6"]
[White "Smirnov,I UKR"]
[Black "Sandipan,C"]
[Result "0-1"]
[WhiteElo "2451"]
[BlackElo "2560"]

1.e4 c5 2.Nf3 d6 3.d4 cxd4 4.Nxd4 Nf6 5.Nc3 a6 6.Be3 e6 7.f4 b5 8.Bd3 Bb7
9.a3 Nbd7 10.Qf3 Rc8 11.O-O Rxc3 12.bxc3 Nc5 13.Qh3 Bxe4 14.Bxe4 Nfxe4 15.f5 e5
16.Nb3 Na4 17.Qf3 d5 18.Nd2 Naxc3 19.Nxe4 Nxe4 20.a4 Be7 21.axb5 axb5 22.Qe2 Nc3
23.Qe1 b4 24.Bd2 Ne4 25.Kh1 Nxd2 26.Qxd2 O-O 27.Rad1 d4 28.Qe2 Qd5 29.Rfe1 Bd6
30.Qe4 Qxe4 31.Rxe4 Re8 32.Re2 g6 33.fxg6 hxg6 34.g4 f6 35.Kg2 Kf7 36.h4 f5
37.Rf1 Ke6 38.h5 fxg4 39.h6 Rh8 40.Rh1 Kf5 41.Rf1+ Kg5 42.Ra1 Kxh6 43.Rh1+ Kg7
44.Rxh8 Kxh8 45.Kg3 Kg7 46.Kxg4 Kf6 47.Re1 Ke6 48.Kf3 Kf5 49.Ke2 e4 50.Rf1+ Ke5
51.Rg1 b3 52.cxb3 d3+ 53.Kd1 e3 54.Rg4 Kf5 55.Rd4 e2+ 56.Kd2 Bf4+  0-1

[Event "Open A"]
[Site "Pardubice CZE"]
[Date "2005.07.27"]
[Round "6"]
[White "Satyapragyan,S"]
[Black "Yakivchik,M"]
[Result "1-0"]
[WhiteElo "2397"]
[BlackElo "2307"]

1.e4 c5 2.Nf3 d6 3.d4 cxd4 4.Nxd4 Nf6 5.Nc3 a6 6.Be3 Nc6 7.Be2 e6 8.O-O Be7
9.f4 Qc7 10.Kh1 O-O 11.Qe1 Nxd4 12.Bxd4 b5 13.a3 Bb7 14.Qg3 Bc6 15.Rad1 Qb7
16.Bf3 a5 17.Rfe1 g6 18.e5 dxe5 19.fxe5 Ne8 20.Ne4 Ng7 21.Bc5 Bxc5 22.Nxc5 Qc7
23.Bxc6 Qxc6 24.Nd7 Nh5 25.Qf2 Rfd8 26.Rd6 Qc7 27.Red1 b4 28.g4 bxa3 29.bxa3 Ng7
30.Nf6+ Kf8 31.Nxh7+ Kg8 32.Nf6+ Kf8 33.Rxd8+ Rxd8 34.Rxd8+ Qxd8 35.Qc5+ Qe7
36.Nd7+ Ke8 37.Qc8+ Qd8 38.Nf6+  1-0

[Event "Open A"]
[Site "Pardubice CZE"]
[Date "2005.07.28"]
[Round "7"]
[White "Azarov,S"]
[Black "Oleksienko,M"]
[Result "1/2-1/2"]
[WhiteElo "2582"]
[BlackElo "2487"]

1.e4 c5 2.Nf3 d6 3.d4 cxd4 4.Nxd4 Nf6 5.Nc3 a6 6.Be3 e6 7.f3 Nc6 8.Qd2 Be7
9.g4 O-O 10.O-O-O Nxd4 11.Qxd4 Nd7 12.Rg1 b5 13.g5 Qa5 14.Kb1 Ne5 15.Rg3 Bb7
16.f4 b4 17.Ne2 Nc6 18.Qd3 Rfd8 19.Nc1 Qc7 20.Qd2 d5 21.e5 a5 22.Bd3 d4 23.Bf2 a4
24.Bxh7+ Kxh7 25.g6+ fxg6 26.Qd3 Bf8 27.Qxg6+ Kg8 28.Rh3 b3 29.axb3 axb3
30.Nxb3 Nb4 31.Qxe6+ Qf7 32.Rh8+ Kxh8 33.Qxf7 Be4 34.Rd2 d3 35.c3 Nc2 36.e6 Rdb8
37.Qh5+ Kg8 38.Qf7+ Kh8 39.Qh5+ Kg8  1/2-1/2

[Event "4th Open"]
[Site "Davos SUI"]
[Date "2005.07.30"]
[Round "1"]
[White "Bildat,J"]
[Black "Smith,Bri"]
[Result "1-0"]
[WhiteElo "2163"]
[BlackElo "1867"]

1.e4 c5 2.Nf3 d6 3.d4 cxd4 4.Nxd4 Nf6 5.Nc3 a6 6.Be3 e6 7.g4 h5 8.g5 Ng8
9.h4 g6 10.Qd3 Ne7 11.O-O-O Nec6 12.f4 Qa5 13.Nb3 Qc7 14.Bh3 b5 15.Rhe1 Nd7
16.f5 Nde5 17.Qf1 Be7 18.Nd4 Nxd4 19.Bxd4 O-O 20.Ne2 Bd7 21.Nf4 Kh7 22.Qe2  1-0

[Event "Open A"]
[Site "Pardubice CZE"]
[Date "2005.07.30"]
[Round "9"]
[White "Melnikova,Y"]
[Black "Czakon,J"]
[Result "0-1"]
[WhiteElo "2331"]
[BlackElo "2461"]

1.e4 c5 2.Nf3 d6 3.d4 cxd4 4.Nxd4 Nf6 5.Nc3 a6 6.Be3 e6 7.f3 Be7 8.Qd2 O-O
9.O-O-O Nc6 10.g4 Nxd4 11.Bxd4 b5 12.g5 Nd7 13.h4 Qc7 14.Kb1 b4 15.Na4 Bb7
16.b3 Bc6 17.Nb2 d5 18.g6 fxg6 19.h5 Bf6 20.hxg6 h6 21.Bh3 Rae8 22.Bxf6 Rxf6
23.Qxb4 a5 24.Qc3 dxe4 25.fxe4 Rxg6 26.Rhg1 Rxg1 27.Rxg1 Ne5 28.Qg3 Qa7 29.Re1 Qc5
30.a4 Kh8 31.Rg1 Re7 32.Bxe6 Nf3 33.Rg2 Ng5 34.Nd3 Qd4 35.Qxg5 Rxe6 36.Qxa5 Rxe4
37.Rf2 Re8 38.Rf4 Be4 39.Qe1 Qxd3 40.Rf8+ Kh7 41.Rxe8 Qxb3+  0-1

[Event "Open Dutch Championship"]
[Site "Dieren NED"]
[Date "2005.08.01"]
[Round "6"]
[White "Brandenburg,D"]
[Black "Senff,M"]
[Result "1/2-1/2"]
[WhiteElo "2371"]
[BlackElo "2467"]

1.e4 c5 2.Nf3 d6 3.d4 cxd4 4.Nxd4 Nf6 5.Nc3 a6 6.Be3 e5 7.Nb3 Be6 8.f3 Be7
9.Qd2 O-O 10.O-O-O Nbd7 11.g4 b5 12.g5 Nh5 13.Nd5 Bxd5 14.exd5 f5 15.gxf6 Bxf6
16.Kb1 Nb6 17.Qa5 Nc4 18.Qxd8 Bxd8 19.Bxc4 bxc4 20.Nd2 c3 21.bxc3 Rb8+ 22.Kc1 Ba5
23.Rhf1 Bxc3 24.Ne4 Bb4 25.Rd3 Nf6  1/2-1/2

[Event "Open Dutch Championship"]
[Site "Dieren NED"]
[Date "2005.08.03"]
[Round "8"]
[White "Iordachescu,V"]
[Black "Gutman,L"]
[Result "1/2-1/2"]
[WhiteElo "2606"]
[BlackElo "2465"]

1.e4 c5 2.Nf3 d6 3.d4 cxd4 4.Nxd4 Nf6 5.Nc3 a6 6.Be3 Qc7 7.Qd2 e6 8.f3 b5
9.g4 b4 10.Nce2 e5 11.Nf5 g6 12.Bg5 Nbd7 13.Ne3 Bb7 14.c4 Be7 15.Bh6 Nc5
16.h4 Qa5 17.Qd1 Qd8 18.Bg2 Nfd7 19.g5 Qb6 20.Qd2 Ne6 21.O-O-O O-O-O 22.Kb1 Kb8
23.Bh3 Rc8 24.Nd5 Bxd5 25.cxd5 Nec5 26.Rc1 Qb5 27.Rhd1 Rc7 28.Ng3 Rhc8 29.Bf1 Qb7
30.Ne2 a5 31.Qe3 Na4 32.Bh3 Nc3+ 33.Nxc3 Rxc3 34.Qe2 Rxc1+ 35.Rxc1 Rxc1+
36.Kxc1 Nc5 37.Qc4 Qb6 38.Bg7 Bd8 39.Bf8 Bc7 40.Bf1 Nb7 41.Be2 Qf2 42.Kd1 Qxh4
43.Qc6 Qxg5 44.Ba6 Qg1+ 45.Ke2 Nd8 46.Qd7 Qb6 47.Qc8+ Ka7 48.Bd3 Nb7 49.Bh6 Nc5
50.Be3 Qb7 51.Qe8 Bb6 52.Bb5 Qc7 53.Bxc5 Qxc5 54.Qxf7+ Bc7 55.Bd3 Qc1 56.b3 Qb2+
57.Kf1 Qc3 58.Ke2 h5 59.Qd7 Qc5 60.Bc4 h4 61.Kf1 g5 62.Kg2 Kb7 63.Kh3 Qb6
64.Kg2 Kb8 65.Qe8+ Ka7 66.Qd7 Qb8 67.Bb5 Qd8 68.Kf1 Kb8 69.Qxd8+ Bxd8 70.Bd7 Kc7
71.Bg4 Kb6 72.Ke2 Kc5 73.Kd3  1/2-1/2

[Event "Open Dutch Championship"]
[Site "Dieren NED"]
[Date "2005.08.03"]
[Round "8"]
[White "Haimovich,T"]
[Black "Savchenko,S"]
[Result "1/2-1/2"]
[WhiteElo "2375"]
[BlackElo "2506"]

1.e4 c5 2.Nf3 d6 3.d4 cxd4 4.Nxd4 Nf6 5.Nc3 a6 6.Be3 e6 7.Be2 Qc7 8.g4 h6
9.f4 d5 10.e5 Ne4 11.Nxe4 dxe4 12.Qd2 Bd7 13.O-O-O Nc6 14.Nxc6 Bxc6 15.Qc3 Rc8
16.h4 Bd5 17.Qxc7 Rxc7 18.Kb1 b5 19.Rh3 Be7  1/2-1/2

[Event "10th Open"]
[Site "Creon FRA"]
[Date "2005.08.06"]
[Round "8"]
[White "Ernst,T"]
[Black "Sulypa,A"]
[Result "1/2-1/2"]
[WhiteElo "2459"]
[BlackElo "2465"]

1.e4 c5 2.Nf3 d6 3.d4 cxd4 4.Nxd4 Nf6 5.Nc3 a6 6.Be3 e5 7.Nb3 Be6 8.Be2 Be7
9.O-O O-O 10.Qd2 Nbd7 11.a4 Qc7 12.a5 Rfd8 13.Rfd1 Rac8 14.Bf3 b5 15.axb6 Nxb6
16.Qe1 Nc4 17.Bc1 Qb6 18.Na4 Qb7 19.Nc3 Qb6 20.Na4 Qb7 21.Nc3 Qb6  1/2-1/2

[Event "Stork YM"]
[Site "Hengelo NED"]
[Date "2005.08.08"]
[Round "1"]
[White "Michielsen,J"]
[Black "Zhigalko,A"]
[Result "0-1"]
[WhiteElo "2320"]
[BlackElo "2526"]

1.e4 c5 2.Nf3 d6 3.d4 cxd4 4.Nxd4 Nf6 5.Nc3 a6 6.Be3 e5 7.Nb3 Be6 8.f3 h5
9.Nd5 Bxd5 10.exd5 Nbd7 11.Qd2 Qc7 12.c4 b6 13.Be2 g6 14.O-O Bg7 15.f4 exf4
16.Bxf4 O-O 17.Bh6 Bxh6 18.Qxh6 Rae8 19.Rae1 Ng4 20.Bxg4 hxg4 21.Rc1 Ne5
22.Kh1 Nd3 23.Rc2 Re4 24.Nd2 Re2 25.Qh4 Qc5 26.Nb3 Qf2 27.Qxf2 Nxf2+ 28.Kg1 Rxc2
29.Rxf2 Rxc4  0-1